| 000 | 00890nam a2200217 a 4500 | ||
|---|---|---|---|
| 001 | 021400 | ||
| 003 | BD-ChCU | ||
| 005 | 20251217143347.0 | ||
| 008 | Ben | ||
| 020 | _a৯৮৪৪১০৩৪২৮ | ||
| 040 |
_aDLC _cDLC _dBD-ChCU |
||
| 082 | 0 | 0 | _a৩২৩.৩৪/নারী ৫৭ |
| 100 | 1 | _a- | |
| 245 | 1 | 0 |
_aনারীর ক্ষমতায়ন : _bরাজনীতি ও আন্দোলন / _cহোসেন, সেলিনা ও মাসুদুজ্জামান ( সম্পাদনায়) |
| 260 |
_aঢাকা : _bমাওলা ব্রাদার্স , _c২০০৭ |
||
| 300 | _a১৪৩ | ||
| 504 | _a- Biblio- | ||
| 650 | 0 |
_aনারী সামাজিক অবস্থা _bনারী |
|
| 700 | 1 | _aহোসেন, সেলিনা ও মাসুদুজ্জামান | |
| 942 |
_2ddc _cBK |
||
| 999 |
_c21400 _d21400 |
||